000 00613nam a2200229Ia 4500
003 OSt
005 20220925172722.0
006 a|||||r|||| 00| 0
007 ta
008 220923b |||||||| |||| 00| 0 eng d
037 _cGeneral Book
040 _aRTL
_cRTL
_beng
041 _2eng
_aeng
082 _aY:4353, L2
100 _aBenarde Melvin A
_9134335
245 0 _aRace against famine
260 _aBombay
_bOriebt Longman
_c1972
300 _a95p
_ccm.
650 _aFamine and Drought
_9232545
942 _hY:4353, L2
_cGB
_2CC
999 _c485772
_d485772